03552nam a2200385 u 450000100070000000500170000700800410002403500110006504000130007604100080008908000080009708200080010510000510011324501690016426000430033330000150037652021900039165000200258165000220260165000310262365000320265465000220268665000250270865000340273365000250276765000330279265000280282565000350285365000120288865000190290065000370291965100200295670000410297678701490301736249620260506082806.0990406s1998 ||||||m| spa  a362496 ccomduadb aspa aAV/ 4a30910aCorrea Avendaño, Eugenia del Pilar4auteaut10aFontidueño... una barrera viva: estudio monográfico descriptivo del barrio Fontidueño apoyado en el mapa mental como fuente de diagnóstico para la identidad aMedellín :b[sin publicador],c1998. a271 hojas.3 aCONTENIDO : Presentación. -- 1: Generalidades. -- 1.1: Presentación de barrio. -- 1.2: Población. -- 1.3: Económica. -- 1.4: División político–administrativa. -- 1.5: Organizaciones sociales. -- 2: Paisaje y medio ambiente. -- 2.1: Medio ambiente y territorio del municipio de Bello. -- 2.2: Subdivisión del municipio en zonas. -- 2.3: Problemática ambiental de Fontidueño. -- 2.4: Manifestaciones de los pobladores frente al paisaje y medio ambiente. -- 3: Formación histórica. – 4: Territorio. -- 4.1: Descripción del barrio. -- 4.2: Vías de comunicación. -- 4.3: Espacios significativos del barrio. -- 4.4: Servicio de transporte. -- 4.5: Sugerencias para el mejoramiento de transporte. -- 4.6: Las viviendas. -- 4.7: Proyecto de mejoramiento de vivienda y espacio público, Fontidueño sector la mina. -- 7.2: Plan educativo municipal de Bello 1993-1998. -- 7.3: Proyectos educativos institucionales de las comunidades educativas del barrio Fontidueño. -- 8: Organizaciones sociales. -- 8.1: La acción comunal. -- 8.2: Comité de participación comunitaria (COPACO). -- 8.3: Cooperativa de transportes cootrametro. -- 8.4: Organizaciones juveniles. -- 8.5: grupo recreacionista “los dueños del Fonti”. -- 8.6: Veeduría ciudadana relleno sanitario curvas de rodas. -- 8.7: Asociaciones de padres de familia. -- 9: Cultura y medios de comunicación. -- 9.1: Música. -- 9.2: Del pasado al presente. -- 9.3: Tradiciones y recuerdos. -- 9.4: Fiestas de integración barrial. -- 9.5. -- Propuestas para una dinámica cultural en Fontidueño. -- 9.6: Medios de comunicación. -- 10: Vida cotidiana barrial. -- 10.1: Las plantas medicinales una tradición. -- 10.2: Servicio de salud. -- 10.3: recreación y deportes del ayer. -- 10.4: Actividades recreativas y deportivas hoy. -- 10.5: Vida familiar. -- 10.6: Historias familiares. -- 10.7: Mujeres sexualidad y familia. -- 10.8: Juventud y sexualidad. -- 11: Religiosidad y cultos. -- 11.1: Reseña histórica iglesia San Eduardo rey. -- 11.2: Movimientos apostólicos. -- 11.3: Comunidad cristiana el buen pastor. -- 12: Identidad. -- Bibliografía. -- Anexos acompañante. 7aIdentidad2lemb aBarrios populares 7aReligiosidad popular2lemb 7aAntropología urbana2lemb aBello (Antioquia) aAntioquia (Colombia) aCondiciones socioeconómicas 7aVida cotidiana2lemb 7aInvestigación social2lemb aOrganizaciones sociales aOrganización de la comunidad aPaisaje 0aMedio ambiente 7aParticipación política2lemb 7aColombia2embne10aCorrea Avendaño, Francis4auteaut08iTítulo del grado otorgadotTesis (Especialista en Teoría, Métodos y Técnicas de Investigación Social) Universidad de Antioquiaw324432